000 00943nam a22002897a 4500
001 9309
003 FISKH
005 20251210084738.0
008 251210b cb ||||| |||| 00| 0 eng d
020 _a9780064400909
040 _aFISKH
_beng
_cFISKH
_dFISKH
050 _aPZ7.B4312 K
082 _a823.9
100 _aBenchley, Nathaniel
_eAuthor
245 _aKilroy and the gull /
_cNathaniel Benchley ; Pictures by John Schoenherr
260 _aNew York :
_bHarper & Row ,
_c1977
300 _a118 pages :
_billustrations ;
_c19 cm
505 _aN
520 _aCaptured and trained to be a marineland sensation, Kilroy, a killer whale, escapes to life on the open sea with his friend Morris the sea gull.
521 8 _a600
_bLexile estimate
521 8 _aN
_bRaz-Plus
650 _aAnimal stories
_vActing
650 _aSeagull
_vOcean
700 _aSchoenherr, John
_eIllustrator
942 _2ddc
_cBK
_n0
999 _c9309
_d9309